| 000 | 00933cam a2200313 a 4500 | ||
|---|---|---|---|
| 999 |
_c8280 _d8280 |
||
| 001 | 8280 | ||
| 003 | BD-JhCC | ||
| 005 | 20180220130044.0 | ||
| 008 | 030303s2003 ilu 000 1 eng | ||
| 020 | _a0842372148 (alk. paper) | ||
| 035 | _a(BD-JhCC)8280 | ||
| 040 |
_aDLC _cDLC _dDLC _dBD-JhCC |
||
| 041 | _aeng | ||
| 050 | 0 | 0 |
_aPS3566.A495 _bL677 2003 |
| 082 | 0 | 0 |
_a813/.54 _221 _bPAL 2003 |
| 100 | 1 |
_aPalmer, Catherine, _d1956- |
|
| 245 | 1 | 4 |
_aThe loved one / _cCatherine Palmer, Peggy Stoks. |
| 260 |
_aWheaton, Ill. : _bTyndale House, _cc2003. |
||
| 300 |
_a185 p. ; _c19 cm. |
||
| 440 | 0 | _aMoving fiction | |
| 650 | 0 |
_aSoldiers _xFamily relationships _vFiction. |
|
| 650 | 0 |
_aVietnam War, 1961-1975 _xVeterans _vFiction. |
|
| 650 | 0 |
_aRecruiting and enlistment _vFiction. |
|
| 650 | 0 |
_aMothers and sons _vFiction. |
|
| 655 | 7 |
_aChristian fiction. _2gsafd |
|
| 700 | 1 | _aStoks, Peggy. | |
| 942 |
_2ddc _cBK |
||